01216nac a22002655a 4500008004100000020001500041040002800056082002200084245006800106246006500174260004200239300002900281500002400310650005400334651001000388653002600398942001700424999001300441336002600454337002800480338002700508952013000535952014300665952014200808160927s2004 ii fr 001 0 eng d a0070587213 aEG-ScBUEbengcEG-ScBUE04a514.076 bLIP22210aTheory and problems of general topology /bby Semour Lipschutz.33aSchaum's outline of theory and problems of general topology  aNew Delhi :bTata McGraw-Hill,c2004. a239 p. :bill. ;c28 cm. aIndex : p. 235-239. 7aTopologyvProblems, exercises, etc.2BUEsh941254 2BUEsh bENGELCcSeptember2016 2ddchRDA-MOD c106d106 2rdacontentatextbtxt aunmediated2rdamediabn avolumebnc2rdacarrier 00102ddc4070aMAINbMAINc1STd2005-12-22ePurchaseg120.00l2m1o514.076 LIPp000004669r2025-07-15 00:00:00v150.00yBB 00102ddc4070aMAINbMAINc1STd2005-12-22ePurchaseg120.00l2m17o514.076 LIPp000004668r2025-07-15 00:00:00s2009-05-24v150.00yBB 00102ddc4070aMAINbMAINc1STd2005-12-22ePurchaseg120.00l4m8o514.076 LIPp000003271r2025-07-15 00:00:00s2009-01-28v150.00yBB